000 00598nam a2200181Ia 4500
008 100921s9999 xx 000 0 und d
082 _b8464
_a820 थ 37
100 _aHalevy Elie.
245 _aA History Of English People In 1815.
260 _bपेंग्वीन बुक्स,ग्रेट ब्रिटन.
_c1937
300 _a256
_b---
365 _b0
520 _aललित इंग्रजी.
630 _aA History Of English People In 1815.
650 _aललित इंग्रजी.
730 _aA History Of English People In 1815.
942 _cBOOK
999 _c757577
_d757574